Because God said so : (Record no. 10059)

MARC details
000 -LEADER
fixed length control field 00575nam a22001817a 4500
003 - CONTROL NUMBER IDENTIFIER
control field GBCCL
005 - DATE AND TIME OF LATEST TRANSACTION
control field 20241126110724.0
008 - FIXED-LENGTH DATA ELEMENTS--GENERAL INFORMATION
fixed length control field 240219b ||||| |||| 00| 0 eng d
040 ## - CATALOGING SOURCE
Transcribing agency gbc
082 ## - DEWEY DECIMAL CLASSIFICATION NUMBER
Classification number 220.9505
Item number STO
100 ## - MAIN ENTRY--PERSONAL NAME
Personal name Stonecipher, Judy
9 (RLIN) 17463
245 ## - TITLE STATEMENT
Title Because God said so :
Remainder of title the times of captivity and return /
Statement of responsibility, etc. by Judy Stonecipher ; illustrated by Karen Gillis
260 ## - PUBLICATION, DISTRIBUTION, ETC.
Place of publication, distribution, etc. Denver , Colorado :
Name of publisher, distributor, etc. Accent publications ,
Date of publication, distribution, etc. 1982
300 ## - PHYSICAL DESCRIPTION
Extent 92p. ;
650 ## - SUBJECT ADDED ENTRY--TOPICAL TERM
Topical term or geographic name entry element Bible
Form subdivision Old Testament
General subdivision history
9 (RLIN) 7228
651 ## - SUBJECT ADDED ENTRY--GEOGRAPHIC NAME
Geographic name Bible stories
9 (RLIN) 17464
942 ## - ADDED ENTRY ELEMENTS (KOHA)
Source of classification or shelving scheme Dewey Decimal Classification
Koha item type Books
Holdings
Withdrawn status Lost status Source of classification or shelving scheme Damaged status Not for loan Home library Current Library Shelving location Date acquired Total checkouts Full call number Barcode Date last seen Copy number Price effective from Koha item type
    Dewey Decimal Classification     GRACE BIBLE COLLEGE GRACE BIBLE COLLEGE Biblical Studies 2024-02-19   220.9505 STO 020703 2025-05-01 c.1 2024-02-19 Books
© Grace Bible College Library 2025